000 00630nam a2200181Ia 4500
005 20250326140543.0
008 250326s9999 xx 000 0 und d
037 _aTextbook
040 _aFMSL
_beng
_cFMSL
041 _aeng
_2eng
084 _aX81p N9
_qFMSL
100 _aAssociated Chambersof Commerce And Industry OF India
_9742553
245 0 _aSeminar on 'insurance: beyond 2000 AD'
_cAssociated Chambersof Commerce And Industry OF India
260 _aNew Delhi
_bNew Delhi, Associated Chambers of Commerce and Industry of India
_c1999
300 _a68p
942 _cTB
_hX81p N9
999 _c1286284
_d1286284